| 000 | 00000nam##2200000za#4500 |
| 001 | 9.579720 |
| 003 | CaOODSP |
| 005 | 20210624190709 |
| 007 | cr ||||||||||| |
| 008 | 150406|1996||||xxc|||||o f|0| 0 eng|d |
| 040 | |aCaOODSP|beng |
| 043 | |an-cn--- |
| 086 | 1 |aEn49-26-1-2E-PDF |
| 110 | 1 |aCanada. |bEnvironment Canada. |bEnvironmental Protection Service. |
| 245 | 10|aEnvironmental code of practice for elimination of fluorocarbon emissions from refrigeration and air conditioning systems |h[electronic resource] |
| 260 | |aOttawa - Ontario : |bEnvironment Canada. |cMarch 1996. |
| 300 | |a61p.|bglossary |
| 490 | 1 |aEnvironmental protection series. Refrigeration and air conditioning |vEPS 1/RA/2 |
| 500 | |aThe catalogue number (En49-26/1-2E) and ISBN (0-660-16448-5) for the print edition have been incorrectly copied in this electronic publication. |
| 546 | |a(Résumé en français). |
| 590 | |a14-21-Supp|b2014-12-11 |
| 690 | 07|aAir conditioning|2gcpds |
| 690 | 07|aAtmospheric emissions|2gcpds |
| 690 | 07|aCodes of practice|2gcpds |
| 690 | 07|aRefrigeration equipment|2gcpds |
| 775 | 08|tCode de pratiques environnementales pour l'élimination des rejets dans l'atmosphère de fluorocarbures provenant des systèmes de réfrigération et de conditionnement d'air |w(CaOODSP)9.607024 |
| 830 | #0|aEnvironmental protection series. Refrigeration and air conditioning ;|vEPS 1/RA/2|w(CaOODSP)9.507826 |
| 856 | 40|ahttp://publications.gc.ca|qPDF|s161 KB|uhttps://publications.gc.ca/collections/collection_2014/ec/En49-26-1-2-eng.pdf|yEPS 1/RA/2 |